000
003580000a22001690004500
005
20120302062408.0
942
_c
BOOK
100
_a
Parmananda
245
_a
Shivbhaaratsya
260
_a
Pune:Aanandashram,
300
_a
95,13p.
040
_a
SAN
650
_a
Sanskrut
650
_a
Sankeerna
650
_a
Shivbhaaratsya
650
_a
Shivbharatsya
999
_c
356590
_d
356587